[Event "2. Bundesliga West 2017/18"]
[Site "Tirol"]
[Date "2017.10.14"]
[Round "2"]
[Board "4"]
[White "Binder, Moriz"]
[Black "Moroder, Stefan"]
[Result "1-0"]
[WhiteElo "2218"]
[BlackElo "2212"]
[PlyCount "75"]
[EventDate "2017.10.13"]
[EventType "team"]
[EventRounds "11"]
[EventCountry "AUT"]
[WhiteTeam "Jenbach 2"]
[BlackTeam "Rochade Rum"]

1. d4 d5 2. Nf3 Nf6 3. g3 g6 4. Bg2 Bg7 5. O-O O-O 6. c4 c6 7. cxd5 cxd5 8. Nc3
Nc6 9. Ne5 Nxe5 10. dxe5 Ng4 11. Qxd5 Nxe5 12. Rd1 Qxd5 13. Nxd5 Nc6 14. Bg5 f6
15. Be3 Bg4 16. Bc5 Rf7 17. h3 Bxe2 18. Re1 Bc4 19. b3 Bxd5 20. Bxd5 Rd8 21.
Bxf7+ Kxf7 22. Rad1 Rxd1 23. Rxd1 Ke6 24. Kg2 f5 25. b4 b6 26. b5 bxc5 27. bxc6
Bd4 28. Re1+ Kd6 29. c7 Kxc7 30. Rxe7+ Kb6 31. Kf1 c4 32. Ke2 Kb5 33. f3 Kb4
34. Kd2 h5 35. Rb7+ Ka3 36. Rd7 Bf2 37. Kc3 Kxa2 38. Rd2+  1-0

[Event "2. Bundesliga West 2017/18"]
[Site "Tirol"]
[Date "2017.10.14"]
[Round "2"]
[Board "5"]
[White "Hengl, Christian"]
[Black "Fuchs, Georg"]
[Result "1/2-1/2"]
[WhiteElo "2153"]
[BlackElo "2156"]
[PlyCount "106"]
[EventDate "2017.10.13"]
[EventType "team"]
[EventRounds "11"]
[EventCountry "AUT"]
[WhiteTeam "Rochade Rum"]
[BlackTeam "Jenbach 2"]

1. c4 e5 2. Nc3 Nf6 3. Nf3 Nc6 4. e3 Be7 5. Qb3 O-O 6. Be2 b6 7. O-O Bb7 8. d4
exd4 9. exd4 d5 10. c5 Na5 11. Qa4 Ne4 12. Be3 Bc6 13. Qa3 f5 14. b4 Nc4 15.
Bxc4 dxc4 16. Ne5 Bd5 17. f3 Nxc3 18. Qxc3 b5 19. a4 a6 20. Ra2 Bf6 21. Rfa1
Bxe5 22. dxe5 Qd7 23. Rd2 Qe6 24. Rad1 Bc6 25. a5 Rae8 26. Bd4 Kf7 27. Qe3 h6
28. Bc3 g5 29. Qd4 Rg8 30. Qf2 Ke7 31. Rd4 h5 32. Qc2 g4 33. f4 h4 34. Re1 h3
35. g3 Kf7 36. Kf2 Rd8 37. Red1 Be4 38. Qd2 Bd3 39. Qe3 Ke7 40. Kg1 Rxd4 41.
Bxd4 Rd8 42. Bc3 Qc6 43. Qf2 Ke6 44. Bb2 Rd7 45. Bc3 Qd5 46. Rd2 Qa8 47. Rd1
Be4 48. Rxd7 Kxd7 49. e6+ Kxe6 50. Qd4 Qd5 51. Qxd5+ Kxd5 52. Kf2 Bd3 53. Ke3
c6  1/2-1/2

[Event "2. Bundesliga West 2017/18"]
[Site "Tirol"]
[Date "2017.10.14"]
[Round "2"]
[Board "6"]
[White "Kondrak, Christof"]
[Black "Jedinger, Andreas"]
[Result "1-0"]
[WhiteElo "2146"]
[BlackElo "2108"]
[PlyCount "116"]
[EventDate "2017.10.13"]
[EventType "team"]
[EventRounds "11"]
[EventCountry "AUT"]
[WhiteTeam "Jenbach 2"]
[BlackTeam "Rochade Rum"]

1. d4 Nf6 2. Nf3 g6 3. c4 Bg7 4. Nc3 O-O 5. e4 d6 6. h3 e5 7. d5 a5 8. Be2 Na6
9. O-O Nc5 10. Qc2 Nh5 11. Bg5 f6 12. Be3 f5 13. Nd2 Nf4 14. Bxf4 exf4 15. Bf3
fxe4 16. Ndxe4 Bf5 17. Rfe1 Qh4 18. Qd2 Nxe4 19. Nxe4 b6 20. Re2 Be5 21. Rae1
h5 22. Nc3 Rae8 23. Nb5 Rf7 24. Nd4 Bd7 25. Qd3 Qf6 26. Ne6 Ree7 27. Be4 Kh7
28. Qf3 Kh6 29. Nxc7 Bxh3 30. Qxh3 Rxc7 31. Qb3 Qh4 32. Bf3 Bd4 33. Qc2 Be5 34.
b3 Rce7 35. Re4 Qf6 36. Qe2 Kg7 37. a3 Kf8 38. Qd3 Kg7 39. b4 axb4 40. axb4 Rc7
41. Rxe5 dxe5 42. d6 Rc8 43. Qd5 Rd7 44. c5 bxc5 45. bxc5 e4 46. Rxe4 Qc3 47.
Qe6 Qa1+ 48. Re1 Qa7 49. c6 Rdd8 50. Qe5+ Kh7 51. Qxf4 Re8 52. Rb1 Rb8 53. Rxb8
Re1+ 54. Kh2 Qxb8 55. c7 Qe8 56. Qc4 Re6 57. d7 Qxd7 58. c8=Q Qd6+  1-0

[Event "2. Bundesliga West 2017/18"]
[Site "Eisengasse 19a, 6850 Dornbirn"]
[Date "2017.10.14"]
[Round "2"]
[Board "1"]
[White "Drabke, Lorenz"]
[Black "Sergeev, Vladimir"]
[Result "1/2-1/2"]
[WhiteElo "2453"]
[BlackElo "2417"]
[PlyCount "78"]
[EventDate "2017.10.13"]
[EventType "team"]
[EventRounds "11"]
[EventCountry "AUT"]
[WhiteTeam "Dornbirn"]
[BlackTeam "Bregenz"]

1. e4 c6 2. d4 d5 3. Nd2 dxe4 4. Nxe4 Nd7 5. Nf3 Ngf6 6. Nxf6+ Nxf6 7. c3 Bg4
8. h3 Bxf3 9. Qxf3 Qd5 10. Be2 e6 11. O-O Bd6 12. Rd1 Bc7 13. c4 Qxf3 14. Bxf3
O-O-O 15. Be3 Rd7 16. b4 Rhd8 17. Rd2 Bb6 18. Rad1 e5 19. c5 Bc7 20. dxe5 Bxe5
21. Kf1 Bc3 22. Rxd7 Rxd7 23. Rxd7 Nxd7 24. a3 a5 25. bxa5 Bxa5 26. Bd4 g6 27.
Bd1 Bd8 28. Bb3 f6 29. Be3 g5 30. Be6 Be7 31. Ke2 Kc7 32. Bxd7 Kxd7 33. Kd3 Ke6
34. Kd4 f5 35. g4 h6 36. f3 Bf6+ 37. Kc4 Bb2 38. a4 Be5 39. Bd2 Bf6  1/2-1/2

[Event "2. Bundesliga West 2017/18"]
[Site "Eisengasse 19a, 6850 Dornbirn"]
[Date "2017.10.14"]
[Round "2"]
[Board "2"]
[White "Dobosz, Henryk"]
[Black "Novkovic, Milan"]
[Result "1/2-1/2"]
[WhiteElo "2378"]
[BlackElo "2362"]
[PlyCount "60"]
[EventDate "2017.10.13"]
[EventType "team"]
[EventRounds "11"]
[EventCountry "AUT"]
[WhiteTeam "Bregenz"]
[BlackTeam "Dornbirn"]

1. Nf3 Nf6 2. c4 e6 3. Nc3 Bb4 4. Qc2 O-O 5. a3 Bxc3 6. Qxc3 b6 7. g3 Bb7 8.
Bg2 d6 9. O-O Nbd7 10. b4 c5 11. Bb2 Qc7 12. d3 Rac8 13. b5 Rfe8 14. e4 d5 15.
Rfe1 dxe4 16. dxe4 Red8 17. a4 Qb8 18. a5 Ne8 19. axb6 axb6 20. Qe3 Qc7 21. e5
Nf8 22. Ra7 Ra8 23. Rxa8 Rxa8 24. Ra1 Rxa1+ 25. Bxa1 Qd8 26. Qe2 Ng6 27. Bc3
Qa8 28. h4 Ne7 29. Ne1 Bxg2 30. Nxg2 Nf5  1/2-1/2

[Event "2. Bundesliga West 2017/18"]
[Site "Eisengasse 19a, 6850 Dornbirn"]
[Date "2017.10.14"]
[Round "2"]
[Board "3"]
[White "Leutwyler, Martin"]
[Black "Abhau, Jochen"]
[Result "1-0"]
[WhiteElo "2200"]
[BlackElo "2259"]
[PlyCount "63"]
[EventDate "2017.10.13"]
[EventType "team"]
[EventRounds "11"]
[EventCountry "AUT"]
[WhiteTeam "Dornbirn"]
[BlackTeam "Bregenz"]

1. d4 e6 2. c4 Nf6 3. g3 Bb4+ 4. Bd2 Bxd2+ 5. Qxd2 O-O 6. Bg2 d6 7. Nf3 Nbd7 8.
Nc3 Re8 9. O-O e5 10. d5 a5 11. e4 Nc5 12. Ne1 b6 13. Nd3 Nfd7 14. Rae1 Nxd3
15. Qxd3 Nc5 16. Qc2 Qd7 17. f4 Ba6 18. b3 b5 19. cxb5 Bxb5 20. Nxb5 Qxb5 21.
Rf3 a4 22. Ref1 exf4 23. Rxf4 axb3 24. axb3 f6 25. b4 Nd3 26. R4f3 Qb6+ 27. Kh1
Nxb4 28. Qc4 Na6 29. e5 fxe5 30. Qg4 Qd4 31. Qf5 h6 32. Rd3  1-0

[Event "2. Bundesliga West 2017/18"]
[Site "Eisengasse 19a, 6850 Dornbirn"]
[Date "2017.10.14"]
[Round "2"]
[Board "4"]
[White "Bezler, Rainer"]
[Black "Novkovic, Julia"]
[Result "1/2-1/2"]
[WhiteElo "2197"]
[BlackElo "2111"]
[PlyCount "160"]
[EventDate "2017.10.13"]
[EventType "team"]
[EventRounds "11"]
[EventCountry "AUT"]
[WhiteTeam "Bregenz"]
[BlackTeam "Dornbirn"]

1. e4 e5 2. Nf3 Nc6 3. Bb5 a6 4. Ba4 Nf6 5. O-O Be7 6. Re1 b5 7. Bb3 d6 8. h3
Na5 9. c3 Nxb3 10. Qxb3 O-O 11. d4 Bb7 12. Qc2 c5 13. Bg5 exd4 14. Bxf6 Bxf6
15. cxd4 cxd4 16. Qd3 Re8 17. Nbd2 Rc8 18. Nb3 Qe7 19. Nbd2 Qc7 20. Nxd4 Bxd4
21. Qxd4 Qc5 22. Qxc5 dxc5 23. f3 c4 24. Rac1 Red8 25. Rc2 Rd3 26. Rec1 Rcd8
27. Nf1 Kf8 28. Kf2 Ke7 29. Ke2 Bc8 30. Rd2 Be6 31. Rdc2 f5 32. exf5 Bxf5 33.
Kf2 Kf6 34. Re2 Rd1 35. Rxd1 Rxd1 36. Ne3 Ra1 37. Nd5+ Kf7 38. Re7+ Kf8 39. a3
Rd1 40. Re5 Bd3 41. Ke3 Rb1 42. Nb4 Rxb2 43. Nxa6 Re2+ 44. Kd4 Rxe5 45. Kxe5 c3
46. Nb4 Bb1 47. Kd4 c2 48. Nd3 Ba2 49. Kc3 g5 50. Kxc2 h5 51. f4 gxf4 52. Nxf4
Bf7 53. Kd3 Kg7 54. Ke4 Kh6 55. Kf5 Bb3 56. g4 hxg4 57. hxg4 Kg7 58. Ne6+ Kf7
59. Nd4 Bc4 60. Kg5 Ke7 61. Kf5 Kd6 62. Kf6 Kd5 63. Ne6 Kd6 64. Nd8 Kc5 65. g5
Bd3 66. Nf7 b4 67. axb4+ Kxb4 68. Nd6 Bh7 69. Kg7 Bd3 70. Kf6 Bh7 71. Ke5 Kc5
72. Ne4+ Kc6 73. Nf6 Bg6 74. Ng4 Kd7 75. Kf6 Bh5 76. Ne3 Ke8 77. Nf5 Kf8 78.
Ne7 Bf7 79. Ng6+ Kg8 80. Nh8 Be8  1/2-1/2

[Event "2. Bundesliga West 2017/18"]
[Site "Eisengasse 19a, 6850 Dornbirn"]
[Date "2017.10.14"]
[Round "2"]
[Board "5"]
[White "Kanonier, Clemens"]
[Black "Ciolek, Andreas"]
[Result "0-1"]
[WhiteElo "2169"]
[BlackElo "2218"]
[PlyCount "68"]
[EventDate "2017.10.13"]
[EventType "team"]
[EventRounds "11"]
[EventCountry "AUT"]
[WhiteTeam "Dornbirn"]
[BlackTeam "Bregenz"]

1. e4 c5 2. Nf3 d6 3. d4 cxd4 4. Nxd4 Nf6 5. Nc3 a6 6. f3 e5 7. Nb3 Be6 8. Be3
Be7 9. Qd2 O-O 10. O-O-O a5 11. Bb5 Na6 12. Qe2 Nd7 13. a4 Nb4 14. Kb1 Qc7 15.
Nd5 Bxd5 16. exd5 Nf6 17. c4 Nd7 18. Rd2 f5 19. Rc1 b6 20. f4 Nc5 21. Nxc5 bxc5
22. fxe5 dxe5 23. g3 Bd6 24. Rf1 Rf7 25. Qd1 Raf8 26. h4 Qc8 27. Qh5 f4 28.
gxf4 exf4 29. Bf2 Qh3 30. Qd1 Re7 31. Re2 Rxe2 32. Qxe2 Qb3 33. Qe4 Be5 34.
Qxe5 Qd3+  0-1

[Event "2. Bundesliga West 2017/18"]
[Site "Eisengasse 19a, 6850 Dornbirn"]
[Date "2017.10.14"]
[Round "2"]
[Board "6"]
[White "Poettinger, Harald"]
[Black "Ruescher, Christian"]
[Result "1/2-1/2"]
[WhiteElo "2198"]
[BlackElo "2068"]
[PlyCount "111"]
[EventDate "2017.10.13"]
[EventType "team"]
[EventRounds "11"]
[EventCountry "AUT"]
[WhiteTeam "Bregenz"]
[BlackTeam "Dornbirn"]

1. d4 d5 2. Bf4 Nf6 3. e3 Bg4 4. Be2 Bxe2 5. Qxe2 c6 6. Nd2 Nbd7 7. Ngf3 e6 8.
O-O Be7 9. e4 dxe4 10. Nxe4 Nxe4 11. Qxe4 O-O 12. c4 Qa5 13. Rfd1 Nf6 14. Qc2
Rfd8 15. a3 b5 16. Ne5 Rac8 17. Rac1 Bd6 18. Bg5 b4 19. axb4 Qxb4 20. Nf3 Qb8
21. Rd3 Rd7 22. Rcd1 Rb7 23. b3 Nd7 24. Bh4 Nf8 25. Bg3 Ng6 26. Ne5 c5 27. Nxg6
hxg6 28. dxc5 Bxg3 29. hxg3 Kh7 30. Rd7 Rxc5 31. Rxb7 Qxb7 32. Qc3 Qe4 33. Qd3
Qb7 34. g4 Qc7 35. Qh3+ Kg8 36. Qh4 g5 37. Qh3 a5 38. Qe3 Kf8 39. Qd4 f6 40.
Qd8+ Qxd8 41. Rxd8+ Ke7 42. Ra8 f5 43. gxf5 exf5 44. Ra6 g4 45. Kf1 Re5 46. Rb6
g5 47. g3 Kf7 48. Rb7+ Ke6 49. Rb6+ Kf7 50. Rd6 Kg7 51. Rd2 Kf6 52. Rd6+ Kg7
53. Rd1 Kf6 54. Rd6+ Kg7 55. Rd3 Kf6 56. Rd6+  1/2-1/2

[Event "2. Bundesliga West 2017/18"]
[Site "Eisengasse 19a, 6850 Dornbirn"]
[Date "2017.10.14"]
[Round "2"]
[Board "2"]
[White "Berchtenbreiter, Maximilian"]
[Black "Mueller, Philipp"]
[Result "1-0"]
[WhiteElo "2377"]
[BlackElo "2220"]
[PlyCount "55"]
[EventDate "2017.10.13"]
[EventType "team"]
[EventRounds "11"]
[EventCountry "AUT"]
[WhiteTeam "Hohenems II"]
[BlackTeam "Goetzis 2"]

1. e4 e6 2. d4 d5 3. Nc3 Nf6 4. e5 Nfd7 5. f4 c5 6. Nf3 Nc6 7. Be3 cxd4 8. Nxd4
Bc5 9. Qd2 a6 10. O-O-O Bxd4 11. Bxd4 b5 12. Kb1 O-O 13. h4 b4 14. Na4 a5 15.
h5 Ba6 16. Bxa6 Rxa6 17. Qe2 Ra8 18. Bf2 Qc7 19. Rh3 Rfc8 20. Bh4 Na7 21. Rg3
Qc6 22. Rc1 Qxa4 23. Qg4 g6 24. hxg6 hxg6 25. Bf6 Nxf6 26. exf6 Kf8 27. f5 exf5
28. Qe2  1-0

[Event "2. Bundesliga West 2017/18"]
[Site "Eisengasse 19a, 6850 Dornbirn"]
[Date "2017.10.14"]
[Round "2"]
[Board "3"]
[White "Mittelberger, Peter"]
[Black "Burschowsky, Matthias"]
[Result "1/2-1/2"]
[WhiteElo "2180"]
[BlackElo "2191"]
[PlyCount "67"]
[EventDate "2017.10.13"]
[EventType "team"]
[EventRounds "11"]
[EventCountry "AUT"]
[WhiteTeam "Goetzis 2"]
[BlackTeam "Hohenems II"]

1. e4 c5 2. Nc3 Nc6 3. g3 g6 4. Bg2 Bg7 5. d3 d6 6. Be3 Rb8 7. a4 a6 8. Qd2 b5
9. axb5 axb5 10. Nge2 Nd4 11. Bxd4 cxd4 12. Nd5 e6 13. Nb4 Ne7 14. O-O Qb6 15.
f4 O-O 16. Kh1 Bb7 17. c3 f5 18. Nxd4 Bxd4 19. cxd4 Qxd4 20. Qc3 Qxc3 21. bxc3
Rfc8 22. Ra3 fxe4 23. Bxe4 Bxe4+ 24. dxe4 Rc4 25. Re1 Rbc8 26. Re3 Nc6 27. Nxc6
R8xc6 28. Rb3 R6c5 29. Kg2 Kf7 30. Kf3 Ra4 31. Re2 Rac4 32. Re3 Ra4 33. Re2
Rac4 34. Re3  1/2-1/2

[Event "2. Bundesliga West 2017/18"]
[Site "Eisengasse 19a, 6850 Dornbirn"]
[Date "2017.10.14"]
[Round "2"]
[Board "4"]
[White "Atlas, Dmitry"]
[Black "Kranz, Armin"]
[Result "1-0"]
[WhiteElo "2174"]
[BlackElo "2052"]
[PlyCount "80"]
[EventDate "2017.10.13"]
[EventType "team"]
[EventRounds "11"]
[EventCountry "AUT"]
[WhiteTeam "Hohenems II"]
[BlackTeam "Goetzis 2"]

1. e4 e5 2. Bc4 Nc6 3. Nf3 Bc5 4. d3 Nf6 5. c3 a6 6. O-O Ba7 7. Nbd2 O-O 8. Re1
d6 9. Bb3 Ng4 10. Re2 Kh8 11. h3 Nh6 12. Nf1 f5 13. Bxh6 gxh6 14. N1h2 Qf6 15.
a4 a5 16. Qd2 Qg7 17. Kh1 Bd7 18. Nh4 fxe4 19. dxe4 Rf4 20. N4f3 Raf8 21. Rg1
Qg6 22. Qd3 Qf6 23. Rd2 Ne7 24. Qe2 Bc6 25. Bc2 h5 26. b4 axb4 27. cxb4 Ng6 28.
b5 Bd7 29. Rd3 Nh4 30. Nxh4 Rxf2 31. Qxh5 Be8 32. Qg4 Rxc2 33. Rf1 Rf2 34. Rf3
Rxf1+ 35. Nxf1 Qg7 36. Qc8 Rxf3 37. Nxf3 Qg8 38. Qxc7 Bc5 39. Nxe5 Qb3 40. Qe7
Bg6  1-0

[Event "2. Bundesliga West 2017/18"]
[Site "Eisengasse 19a, 6850 Dornbirn"]
[Date "2017.10.14"]
[Round "2"]
[Board "5"]
[White "Laske, Erich"]
[Black "Hofer, Emilian"]
[Result "1/2-1/2"]
[WhiteElo "2051"]
[BlackElo "2136"]
[PlyCount "107"]
[EventDate "2017.10.13"]
[EventType "team"]
[EventRounds "11"]
[EventCountry "AUT"]
[WhiteTeam "Goetzis 2"]
[BlackTeam "Hohenems II"]

1. c4 e5 2. Nc3 Nf6 3. Nf3 Nc6 4. a3 g6 5. e3 Bg7 6. d4 exd4 7. exd4 d5 8. cxd5
Nxd5 9. Bg5 Nf6 10. d5 Ne7 11. Bb5+ c6 12. dxc6 Qxd1+ 13. Rxd1 bxc6 14. Bc4 O-O
15. O-O Ned5 16. Nd4 Nxc3 17. bxc3 Ne4 18. Be3 Nxc3 19. Rc1 Nd5 20. Nxc6 Nxe3
21. fxe3 Be6 22. Bxe6 fxe6 23. a4 Bh6 24. Rc3 Kg7 25. Rxf8 Kxf8 26. Kf2 Rc8 27.
Kf3 Kg7 28. Ke4 Kf6 29. Rc5 Bf8 30. Rc2 Bd6 31. h3 Kg7 32. Rc4 Kf6 33. Kd3 Rc7
34. Rc2 Kg5 35. Rc4 Kf6 36. Kd4 Bg3 37. Kc5 Rd7 38. Rg4 Bd6+ 39. Kd4 Rc7 40.
Na5 Be5+ 41. Kd3 Rc3+ 42. Kd2 Rc8 43. Nc4 Bc7 44. Kd3 Rd8+ 45. Kc2 Rb8 46. Rd4
Rb4 47. Kd3 Rxa4 48. Rd7 Bg3 49. Rxh7 Ra2 50. Nd2 Be1 51. Nf3 Bg3 52. Nd2 Be1
53. Nf3 Bg3 54. Nd2  1/2-1/2

[Event "2. Bundesliga West 2017/18"]
[Site "Eisengasse 19a, 6850 Dornbirn"]
[Date "2017.10.14"]
[Round "2"]
[Board "6"]
[White "Kranzl, Julian"]
[Black "Lochner, Herbert"]
[Result "1-0"]
[WhiteElo "2141"]
[BlackElo "1974"]
[PlyCount "43"]
[EventDate "2017.10.13"]
[EventType "team"]
[EventRounds "11"]
[EventCountry "AUT"]
[WhiteTeam "Hohenems II"]
[BlackTeam "Goetzis 2"]

1. e4 e6 2. d4 d5 3. Nc3 Nc6 4. Nf3 Nf6 5. Bg5 Be7 6. e5 Ne4 7. Bxe7 Qxe7 8.
Nd2 Qb4 9. Ncxe4 dxe4 10. c3 Qxb2 11. Nxe4 O-O 12. Bd3 Ne7 13. O-O f5 14. exf6
gxf6 15. Qf3 f5 16. Qg3+ Ng6 17. Ng5 Qd2 18. Bc4 Qf4 19. Rfe1 c6 20. Nxe6 Bxe6
21. Rxe6 Kh8 22. Rxg6  1-0

[Event "2. Bundesliga West 2017/18"]
[Site "5202 Neumarkt am Wallersee"]
[Date "2017.10.14"]
[Round "2"]
[Board "1"]
[White "Riediger, Martin"]
[Black "Krivoborodov, Egor"]
[Result "0-1"]
[WhiteElo "2288"]
[BlackElo "2542"]
[PlyCount "94"]
[EventDate "2017.10.13"]
[EventType "team"]
[EventRounds "11"]
[EventCountry "AUT"]
[WhiteTeam "Ranshofen"]
[BlackTeam "ASK Salzburg"]

1. d4 Nf6 2. Bf4 d5 3. e3 c5 4. c3 Nc6 5. Nd2 Bf5 6. Ngf3 e6 7. Qb3 Qc8 8. Nh4
Be4 9. f3 c4 10. Qd1 Bd3 11. Bxd3 cxd3 12. g4 h6 13. Ng2 g5 14. Bg3 h5 15. gxh5
Nxh5 16. Nf1 Nxg3 17. Nxg3 Qc7 18. f4 Bd6 19. Qxd3 gxf4 20. Nxf4 Bxf4 21. exf4
Qxf4 22. Ke2 O-O-O 23. Raf1 Qc7 24. Kd1 e5 25. Ne2 Rh4 26. Qf5+ Kb8 27. Qxf7
Qa5 28. Kc2 exd4 29. Kb1 dxc3 30. Nxc3 d4 31. Rf5 Qc7 32. Qxc7+ Kxc7 33. Nd5+
Kb8 34. Nf4 Re8 35. a3 a6 36. h3 Re3 37. Rf1 Rh8 38. Kc2 Ne5 39. Nd5 Re2+ 40.
Kd1 Rxb2 41. Rf8+ Rxf8 42. Rxf8+ Ka7 43. Rf4 d3 44. Ne3 b5 45. Rf5 Nc4 46. Nxc4
bxc4 47. Rc5 Rc2  0-1

[Event "2. Bundesliga West 2017/18"]
[Site "5202 Neumarkt am Wallersee"]
[Date "2017.10.14"]
[Round "2"]
[Board "2"]
[White "Frank, Emanuel"]
[Black "Knechtel, Roland"]
[Result "0-1"]
[WhiteElo "2165"]
[BlackElo "2245"]
[PlyCount "63"]
[EventDate "2017.10.13"]
[EventType "team"]
[EventRounds "11"]
[EventCountry "AUT"]
[WhiteTeam "ASK Salzburg"]
[BlackTeam "Ranshofen"]

1. d4 d5 2. c4 e6 3. Nf3 Nf6 4. g3 a6 5. Bg2 dxc4 6. O-O b5 7. Ne5 Nd5 8. e4
Nf6 9. d5 exd5 10. exd5 Bd6 11. Re1 O-O 12. a4 Bxe5 13. Rxe5 Nbd7 14. Re1 Bb7
15. Qd4 Nb6 16. axb5 axb5 17. Rxa8 Bxa8 18. Qc5 Bxd5 19. Qxb5 Bxg2 20. Kxg2 h5
21. Bg5 Qa8+ 22. f3 Nfd5 23. Bd2 c6 24. Qc5 Re8 25. Re4 f5 26. Rxe8+ Qxe8 27.
Kf2 f4 28. Bxf4 Nxf4 29. gxf4 Nd5 30. Na3 Qe6 31. Nxc4 Nxf4 32. Qd4  0-1

[Event "2. Bundesliga West 2017/18"]
[Site "5202 Neumarkt am Wallersee"]
[Date "2017.10.14"]
[Round "2"]
[Board "3"]
[White "Brehovsky, Paul"]
[Black "Besner, Bernhard"]
[Result "1/2-1/2"]
[WhiteElo "2133"]
[BlackElo "2157"]
[PlyCount "62"]
[EventDate "2017.10.13"]
[EventType "team"]
[EventRounds "11"]
[EventCountry "AUT"]
[WhiteTeam "Ranshofen"]
[BlackTeam "ASK Salzburg"]

1. d4 d5 2. c4 e6 3. Nf3 c5 4. cxd5 exd5 5. Nc3 Nc6 6. g3 Nf6 7. Bg2 c4 8. Bg5
Be7 9. Ne5 Be6 10. O-O O-O 11. Nxc4 dxc4 12. Bxf6 Bxf6 13. d5 Bg4 14. dxc6 bxc6
15. Qc2 Qb6 16. Ne4 Bxb2 17. Rab1 Rab8 18. Rfd1 Qb4 19. Rd2 c3 20. Nxc3 Qxc3
21. Rxb2 Rxb2 22. Qxb2 Qxb2 23. Rxb2 Rc8 24. Rc2 c5 25. Bd5 Kf8 26. f3 Bd7 27.
e4 Ke7 28. Kf2 Be6 29. Bxe6 Kxe6 30. Ke3 Kd6 31. Kd3 Rb8 {Kd4 Kd5+}  1/2-1/2

[Event "2. Bundesliga West 2017/18"]
[Site "5202 Neumarkt am Wallersee"]
[Date "2017.10.14"]
[Round "2"]
[Board "4"]
[White "Juergens, Klaus"]
[Black "Kuecher, Wolfgang"]
[Result "1/2-1/2"]
[WhiteElo "2102"]
[BlackElo "2123"]
[PlyCount "91"]
[EventDate "2017.10.13"]
[EventType "team"]
[EventRounds "11"]
[EventCountry "AUT"]
[WhiteTeam "ASK Salzburg"]
[BlackTeam "Ranshofen"]

1. Nf3 g6 2. c4 Bg7 3. Nc3 c5 4. g3 Nf6 5. d4 cxd4 6. Nxd4 Nc6 7. Bg2 O-O 8.
O-O Nxd4 9. Qxd4 d6 10. Qd3 Qc7 11. Bd2 Bd7 12. Rac1 Bc6 13. e4 Rfc8 14. Qe2 b6
15. Nd5 Bxd5 16. exd5 Qd7 17. Rfe1 Rc7 18. b3 Rac8 19. a4 Re8 20. h3 Qc8 21.
Be3 Nd7 22. Qd1 Nc5 23. f4 Qf5 24. b4 Na6 25. Qb3 Rec8 26. Bf2 Kf8 27. Kh2 Rd8
28. Be4 Qc8 29. Bd3 Nb8 30. Qa2 Nd7 31. Re2 a5 32. Qd2 axb4 33. Qxb4 Nc5 34.
Bxc5 bxc5 35. Qe1 Qa6 36. Ra2 Rb8 37. Rb1 Rcb7 38. Rb5 Qa8 39. Qd2 Qa6 40. Qc2
Rb6 41. Ra3 Rxb5 42. cxb5 Qa5 43. Ra2 Bd4 44. Qd2 Bc3 45. Qe2 Ra8 46. Qe4
 1/2-1/2

[Event "2. Bundesliga West 2017/18"]
[Site "5202 Neumarkt am Wallersee"]
[Date "2017.10.14"]
[Round "2"]
[Board "6"]
[White "Herrmann, Michael"]
[Black "Stadler, Alexander"]
[Result "1/2-1/2"]
[WhiteElo "2079"]
[BlackElo "2112"]
[PlyCount "85"]
[EventDate "2017.10.13"]
[EventType "team"]
[EventRounds "11"]
[EventCountry "AUT"]
[WhiteTeam "ASK Salzburg"]
[BlackTeam "Ranshofen"]

1. c4 d6 2. g3 e5 3. Bg2 f5 4. d4 e4 5. Nc3 Nf6 6. f3 exf3 7. exf3 g6 8. Nh3
Bg7 9. Qe2+ Qe7 10. Qxe7+ Kxe7 11. O-O Re8 12. Bg5 Kf7 13. Rfe1 Rxe1+ 14. Rxe1
h6 15. Nb5 Na6 16. Bd2 Ne8 17. Bc3 c6 18. Na3 Nac7 19. Nf4 Ne6 20. Ne2 N8c7 21.
f4 d5 22. b3 Bd7 23. Nb1 Re8 24. Kf2 b5 25. cxd5 Nxd5 26. Bxd5 cxd5 27. Nd2 Rc8
28. Nf3 b4 29. Bxb4 Rc2 30. Ke3 Rxa2 31. Nc3 Rb2 32. Rb1 Rxb1 33. Nxb1 g5 34.
Nc3 g4 35. Ne5+ Bxe5 36. fxe5 Bc6 37. Bc5 a6 38. Bb6 Ng5 39. Bd8 Nf3 40. h4 Ke6
41. Ne2 Ne1 42. Nf4+ Kd7 43. Ba5  1/2-1/2

[Event "2. Bundesliga West 2017/18"]
[Site "5202 Neumarkt am Wallersee"]
[Date "2017.10.14"]
[Round "2"]
[Board "1"]
[White "Hertneck, Gerald"]
[Black "Zelbel, Patrick"]
[Result "1-0"]
[WhiteElo "2498"]
[BlackElo "2455"]
[PlyCount "107"]
[EventDate "2017.10.13"]
[EventType "team"]
[EventRounds "11"]
[EventCountry "AUT"]
[WhiteTeam "Sparkasse Neumarkt"]
[BlackTeam "Kufstein/Woergl"]

1. Nf3 c5 2. g3 Nc6 3. c4 g6 4. Bg2 Bg7 5. Nc3 e6 6. d3 Nge7 7. O-O O-O 8. Bf4
d5 9. Qc1 Nf5 10. Rd1 d4 11. Ne4 e5 12. Bd2 b6 13. a3 Nd6 14. Nxd6 Qxd6 15. b4
Rb8 16. Rb1 Bg4 17. h3 Bd7 18. Qc2 cxb4 19. axb4 b5 20. Ng5 Qe7 21. Ne4 Rfc8
22. Nc5 Be8 23. Rdc1 bxc4 24. Qxc4 Nd8 25. Qa2 Bc6 26. Na6 Ra8 27. Rxc6 Rxc6
28. Bxc6 Nxc6 29. Qd5 Rc8 30. Rc1 Qb7 31. Nc5 Qa8 32. Ne4 Ne7 33. Qd7 Rxc1+ 34.
Bxc1 Nd5 35. Ng5 Nc3 36. Qxf7+ Kh8 37. Bd2 Nxe2+ 38. Kh2 Qf8 39. Qxf8+ Bxf8 40.
Nf7+ Kg7 41. Nxe5 Nc3 42. Nc6 Nd1 43. Kg2 Nb2 44. Nxd4 Kf7 45. Nc6 a6 46. Kf3
Nxd3 47. Ke2 Nb2 48. Nb8 Ke6 49. Nxa6 Kd5 50. Nc7+ Kc4 51. Ne6 Be7 52. h4 Kd5
53. Ng5 h5 54. Bc3  1-0

[Event "2. Bundesliga West 2017/18"]
[Site "5202 Neumarkt am Wallersee"]
[Date "2017.10.14"]
[Round "2"]
[Board "2"]
[White "Koepke, Christian"]
[Black "Eichler, Christoph"]
[Result "1/2-1/2"]
[WhiteElo "2290"]
[BlackElo "2286"]
[PlyCount "77"]
[EventDate "2017.10.13"]
[EventType "team"]
[EventRounds "11"]
[EventCountry "AUT"]
[WhiteTeam "Kufstein/Woergl"]
[BlackTeam "Sparkasse Neumarkt"]

1. d4 d5 2. Bf4 c5 3. e3 Nc6 4. c3 Nf6 5. Nd2 e6 6. Ngf3 Bd6 7. Bg3 O-O 8. Bd3
Qe7 9. Ne5 Nd7 10. Nxd7 Qxd7 11. Bxd6 Qxd6 12. O-O e5 13. dxc5 Qxc5 14. e4 d4
15. Rc1 Be6 16. a3 dxc3 17. Rxc3 Qe7 18. Qc1 Rfd8 19. Re1 Nd4 20. Bc4 Rac8 21.
Nf1 b5 22. Bxe6 Qxe6 23. Ng3 Rxc3 24. bxc3 Rc8 25. Qd2 Nb3 26. Qe3 Qd7 27. h3
g6 28. Rb1 Nc5 29. Qe2 a6 30. Rd1 Qe6 31. Rd5 Na4 32. Qd2 Nxc3 33. Rd6 Qc4 34.
Rd8+ Rxd8 35. Qxd8+ Kg7 36. Nf5+ gxf5 37. Qg5+ Kh8 38. Qd8+ Kg7 39. Qg5+
 1/2-1/2

[Event "2. Bundesliga West 2017/18"]
[Site "5202 Neumarkt am Wallersee"]
[Date "2017.10.14"]
[Round "2"]
[Board "3"]
[White "Harringer, Franz"]
[Black "Levushkina, Elena"]
[Result "0-1"]
[WhiteElo "2206"]
[BlackElo "2309"]
[PlyCount "76"]
[EventDate "2017.10.13"]
[EventType "team"]
[EventRounds "11"]
[EventCountry "AUT"]
[WhiteTeam "Sparkasse Neumarkt"]
[BlackTeam "Kufstein/Woergl"]

1. f4 d5 2. Nf3 Bg4 3. Ne5 Bf5 4. b3 Nd7 5. Bb2 Nxe5 6. Bxe5 d4 7. e3 dxe3 8.
Qf3 c6 9. Qxe3 Nf6 10. c4 Ng4 11. Qc3 Nxe5 12. Qxe5 Qd7 13. Nc3 e6 14. Be2
O-O-O 15. O-O Qd4+ 16. Qxd4 Rxd4 17. g4 Bd3 18. Bxd3 Rxd3 19. Rad1 Bb4 20. f5
exf5 21. gxf5 Re8 22. f6 gxf6 23. Rde1 Rxe1 24. Rxe1 Bxc3 25. dxc3 Kd7 26. Rf1
Ke7 27. Re1+ Kf8 28. Rc1 Rd2 29. a4 Kg7 30. b4 f5 31. a5 Kf6 32. Rb1 Rc2 33.
Rb3 Ke5 34. Ra3 Ke4 35. c5 a6 36. b5 cxb5 37. Rb3 Kd5 38. Rb4 Rxc3  0-1